| 000 | 00593nam a2200205Ia 4500 | ||
|---|---|---|---|
| 003 | GCL | ||
| 008 | 140319s9999 xx 000 0 ara d | ||
| 040 |
_aGCL / _cGCL |
||
| 082 | 0 | 4 |
_a362.3 _bع ت |
| 100 | 1 | _aعبدالرحمن عيسوى | |
| 245 | 1 | 0 |
_aالتخلف العقلى / _cعبدالرحمن عيسوى |
| 300 | _a254 | ||
| 490 | _a | ||
| 650 | 0 | 4 | _aالتخلف العقلى |
| 650 | 0 | 4 | _aالامراض العقلية |
| 650 | 0 | 4 | _aضعاف العقول |
| 650 | 0 | 4 | _aالاطفال بطيئو التعلم |
| 650 | 0 | 4 | _aالاطفال المعوقون |
| 942 |
_2ddc _cBK |
||
| 999 |
_c42871 _d42871 |
||